000 00471nam a2200157Ia 4500
003 OSt
005 20200703131624.0
008 190216s9999||||xx |||||||||||||| ||und||
040 _coclc
082 _a940.2
_bKHU/S
100 _aKhurana, K L
_93055
245 0 _aSimple History Of Modern Europe (1453-1789) /
_cK L Khurana
260 _bLakshmi Narain Agarwal Pub,
_c1999.
_aAgra:
300 _a342p
942 _cBK
_2ddc
_h940.2
_iKHU/S
_k940.2
_mKHU/S
999 _c20628
_d20628